| 000 -LEADER |
| fixed length control field |
00443nam a22001457a 4500 |
| 003 - CONTROL NUMBER IDENTIFIER |
| control field |
OSt |
| 005 - DATE AND TIME OF LATEST TRANSACTION |
| control field |
20200528112645.0 |
| 008 - FIXED-LENGTH DATA ELEMENTS--GENERAL INFORMATION |
| fixed length control field |
200528b ||||| |||| 00| 0 eng d |
| 020 ## - INTERNATIONAL STANDARD BOOK NUMBER |
| International Standard Book Number |
9781616891114 |
| 082 ## - DEWEY DECIMAL CLASSIFICATION NUMBER |
| Classification number |
724 |
| Item number |
WAL |
| 100 ## - MAIN ENTRY--PERSONAL NAME |
| Personal name |
Wallenstein, Sven-Olov; FORuM Project |
| 245 ## - TITLE STATEMENT |
| Title |
Biopolitics and the emergence of modern architecture |
| 260 ## - PUBLICATION, DISTRIBUTION, ETC. (IMPRINT) |
| Place of publication, distribution, etc |
New York |
| Name of publisher, distributor, etc |
Princeton Architectural Press; Reprint edition |
| Date of publication, distribution, etc |
November 28, 2012 |
| 942 ## - ADDED ENTRY ELEMENTS (KOHA) |
| Source of classification or shelving scheme |
|